[Event "Nacional de Máxima"]
[Site "?"]
[Date "2011.10.25"]
[Round "7"]
[White "Prasca, Rafael"]
[Black "Soto, Oliver"]
[Result "1/2-1/2"]
[WhiteElo "2429"]
[BlackElo "2357"]
[Annotator "OT y DG"]
[PlyCount "43"]
[EventDate "2011.??.??"]

1. e4 e5 2. Nf3 Nf6 3. Nxe5 d6 4. Nf3 Nxe4 5. Qe2 Qe7 6. d3 Nf6 7. Bg5 Qxe2+ 8.
Bxe2 Be7 9. Nc3 h6 10. Bh4 Nc6 11. O-O-O Bf5 12. Bxf6 Bxf6 13. Nd5 Bd8 14. d4
O-O 15. Rhe1 Be4 16. Nc3 Bxf3 17. Bxf3 Bg5+ 18. Kb1 Rae8 19. Bxc6 bxc6 20. a3
Rxe1 21. Rxe1 Bd2 22. Re2 1/2-1/2

[Event "Nacional de Máxima"]
[Site "?"]
[Date "2011.10.25"]
[Round "7"]
[White "Zavarce, Oscar"]
[Black "Gascón, José"]
[Result "1-0"]
[WhiteElo "2214"]
[BlackElo "2163"]
[Annotator "OT y DG"]
[PlyCount "139"]
[EventDate "2011.??.??"]

1. e4 c5 2. Nf3 d6 3. d4 Nf6 4. Nc3 cxd4 5. Nxd4 a6 6. Bg5 e6 7. f4 Be7 8. Qf3
h6 9. Bh4 Qc7 10. O-O-O Nbd7 11. g4 g5 12. fxg5 Ne5 13. Qg3 Nfxg4 14. g6 fxg6
15. Bxe7 Qxe7 16. Be2 Bd7 17. Kb1 h5 18. h3 Nh6 19. Nb3 O-O-O 20. Qe3 Bc6 21.
Qa7 Qc7 22. Rhf1 Rh7 23. Nd4 Bd7 24. Rf6 Re7 25. Rdf1 Ng8 26. R6f2 Ree8 27. Nf3
Nxf3 28. Rxf3 Ne7 29. Qg1 Kb8 30. Rf6 Qa5 31. Qg3 Bc8 32. Bc4 Nc6 33. Rxg6 Ne5
34. Rg5 Rf8 35. Rd1 Qb6 36. Be2 Bd7 37. Rxh5 Ka8 38. Rg5 Qb4 39. Qe3 Bc6 40. h4
Rc8 41. a3 Qa5 42. Rxd6 Qc7 43. Rd1 b5 44. Qg3 Nc4 45. Qxc7 Rxc7 46. Bxc4 bxc4
47. Rc5 Rf4 48. Rh1 Kb7 49. Rxc4 Rg7 50. h5 a5 51. Rc5 Kb6 52. Re5 Rf6 53. h6
Rh7 54. Reh5 a4 55. R5h4 Rg6 56. Ne2 e5 57. Nc3 Kc5 58. Rh5 Kd6 59. R5h4 Kc5
60. Ne2 Rg2 61. Nc1 Rg6 62. Nd3+ Kd4 63. Rd1 Rgxh6 64. Nb4+ Ke3 65. Rxh6 Rxh6
66. Nxc6 Rxc6 67. Re1+ Kd2 68. Rh1 Rc4 69. Rh4 Rxe4 70. Rxe4 1-0

[Event "Nacional de Máxima"]
[Site "?"]
[Date "2011.10.25"]
[Round "7"]
[White "Boada, Wiston"]
[Black "Martínez, Pedro"]
[Result "1-0"]
[WhiteElo "2235"]
[BlackElo "2236"]
[Annotator "OT y DG"]
[PlyCount "73"]
[EventDate "2011.??.??"]

1. e4 c5 2. Nf3 Nc6 3. Bb5 g6 4. c3 Nf6 5. Qe2 Bg7 6. O-O O-O 7. Re1 Qb6 8. h3
d6 9. Bxc6 Qxc6 10. d4 cxd4 11. Nxd4 Qc7 12. Na3 a6 13. Bg5 b5 14. Nac2 Bb7 15.
Bxf6 Bxf6 16. a4 bxa4 17. Rxa4 a5 18. Ra3 Rfb8 19. Qd2 Bc8 20. Ne3 Qb7 21. Nd5
Bg7 22. Rb3 Qd7 23. Nb6 Rxb6 24. Rxb6 Qc7 25. Rb3 Bd7 26. Ra3 a4 27. Nc2 Rb8
28. Nb4 Bb5 29. Nd5 Qb7 30. b3 Bc6 31. bxa4 e6 32. Nb4 Bxe4 33. f3 Bf5 34. a5
Bxh3 35. a6 Bxc3 36. axb7 Bxd2 37. Ra8 1-0

[Event "Nacional de Máxima"]
[Site "?"]
[Date "2011.10.25"]
[Round "7"]
[White "Ynojosa, Félix"]
[Black "Piñero, Carlos"]
[Result "1-0"]
[WhiteElo "2294"]
[BlackElo "2091"]
[Annotator "OT y DG"]
[PlyCount "107"]
[EventDate "2011.??.??"]

1. Nf3 d5 2. e3 Nf6 3. b3 c6 4. Bb2 Nbd7 5. Be2 g6 6. O-O Bg7 7. d3 O-O 8. Nbd2
Re8 9. Ne5 Nxe5 10. Bxe5 Nd7 11. Bxg7 Kxg7 12. c4 dxc4 13. bxc4 e5 14. Nb3 Qe7
15. Qc2 Nf6 16. Qc3 Kg8 17. Rab1 Bd7 18. Rb2 b6 19. e4 Bg4 20. f3 Bc8 21. f4
exf4 22. Rxf4 Nd7 23. d4 c5 24. d5 Ne5 25. Rb1 f5 26. Nd2 g5 27. Rf2 f4 28. Bh5
Bd7 29. Bxe8 Rxe8 30. h3 h5 31. Re1 h4 32. Nf3 Kf7 33. Nxe5+ Qxe5 34. Rf3 Kf6
35. Qxe5+ Kxe5 36. Ra3 Ra8 37. Kf2 a5 38. Rb3 Rb8 39. Reb1 Kxe4 40. Rxb6 Rf8
41. Rb7 Ba4 42. Ra7 Kd4 43. Rxa5 Bc2 44. Rc1 Be4 45. Rd1+ Kc3 46. Re1 Kd4 47.
Ra3 Rf6 48. Rd1+ Ke5 49. Ra8 f3 50. Re8+ Kf4 51. d6 g4 52. Rxe4+ Kxe4 53. d7
g3+ 54. Kg1 1-0

[Event "Nacional de Máxima"]
[Site "?"]
[Date "2011.10.26"]
[Round "8"]
[White "Gutiérrez, Leonela"]
[Black "Rovira, Tairú"]
[Result "1-0"]
[WhiteElo "2045"]
[BlackElo "1972"]
[Annotator "OT y DG"]
[PlyCount "79"]
[EventDate "2011.??.??"]

1. e4 e5 2. Nf3 d5 3. exd5 Qxd5 4. Nc3 Qe6 5. Bb5+ Bd7 6. O-O Bd6 7. d4 Ne7 8.
dxe5 Bxe5 9. Re1 f6 10. Qe2 Nbc6 11. Nxe5 Qxe5 12. Qd1 Qd6 13. Qxd6 cxd6 14.
Bf4 Ne5 15. Rad1 O-O-O 16. Rxd6 Nf5 17. Rd5 Nc6 18. Bxc6 bxc6 19. Rdd1 h5 20.
h3 Kb7 21. Ne4 Bc8 22. Nc5+ Ka8 23. Rxd8 Rxd8 24. Re4 g5 25. Bc7 Rd1+ 26. Kh2
Nd6 27. Rb4 Nb5 28. Ba5 Rd2 29. c4 Nd6 30. Bc7 Nb7 31. Na6 Rd7 32. a4 c5 33.
Rb3 Rd4 34. Re3 Bd7 35. b3 f5 36. Re7 Bc6 37. Rg7 Re4 38. Rxg5 Bd7 39. Rg8+ Be8
40. Bg3 1-0

[Event "Nacional de Máxima"]
[Site "?"]
[Date "2011.10.26"]
[Round "8"]
[White "Otazo, Annyd"]
[Black "Sequeda, Nancy"]
[Result "1-0"]
[WhiteElo "1953"]
[BlackElo "2067"]
[Annotator "OT y DG"]
[PlyCount "121"]
[EventDate "2011.??.??"]

1. e4 e5 2. Nf3 Nf6 3. Nxe5 d6 4. Nf3 Nxe4 5. d4 d5 6. Bd3 Be7 7. c4 c6 8. O-O
O-O 9. Nc3 Nxc3 10. bxc3 dxc4 11. Bxc4 Bg4 12. h3 Bh5 13. Bf4 Nd7 14. Rb1 Nb6
15. Be2 Bd6 16. Bxd6 Qxd6 17. Ne5 Bxe2 18. Qxe2 Rfe8 19. Qc2 Re7 20. a4 Nd5 21.
a5 Rae8 22. c4 Nf4 23. Rbd1 f6 24. Nf3 Qb4 25. d5 cxd5 26. cxd5 Rd8 27. Qf5
Red7 28. Rb1 Qd6 29. Nd4 Qe5 30. Qxe5 fxe5 31. Ne6 Nxe6 32. dxe6 Re7 33. Rfc1
g6 34. Rc5 Rd6 35. Rxe5 b6 36. axb6 axb6 37. Rbe1 Kg7 38. g4 h6 39. f4 Kf6 40.
g5+ hxg5 41. fxg5+ Kg7 42. Kf2 Kg8 43. Kf3 Kg7 44. Kf4 Rc6 45. h4 Rd6 46. Kg4
Rc6 47. h5 Rd6 48. h6+ Kh7 49. R1e4 Kh8 50. Rf4 Rdxe6 51. Rxe6 Rxe6 52. Rf6
Re4+ 53. Kf3 Rb4 54. Rxg6 Rb5 55. Rg7 Rc5 56. Kg4 b5 57. Rb7 Rc4+ 58. Kh5 Rc5
59. h7 b4 60. Kh6 Rc8 61. g6 1-0

[Event "Nacional de Máxima"]
[Site "?"]
[Date "2011.10.26"]
[Round "8"]
[White "Ubaldo, María"]
[Black "Aponte, Oriana"]
[Result "0-1"]
[WhiteElo "2072"]
[BlackElo "1885"]
[Annotator "OT y DG"]
[PlyCount "94"]
[EventDate "2011.??.??"]

1. d4 Nf6 2. c4 g6 3. Nc3 d5 4. Bg5 Ne4 5. Bh4 Nxc3 6. bxc3 c5 7. e3 Bg7 8. Nf3
Nc6 9. Rc1 cxd4 10. cxd4 O-O 11. cxd5 Qxd5 12. Bc4 Qa5+ 13. Qd2 Qxd2+ 14. Nxd2
Na5 15. Bb5 a6 16. Be2 Re8 17. Bf3 Bd7 18. Rc7 Bb5 19. Nb3 Nxb3 20. axb3 Rac8
21. Rxc8 Rxc8 22. Kd2 e5 23. dxe5 Bxe5 24. Rc1 Rb8 25. Bg3 Rd8+ 26. Ke1 Bb2 27.
Bc7 Rd3 28. Rc2 Bc3+ 29. Rxc3 Rxc3 30. Ba5 Rxb3 31. Bxb7 Ra3 32. Bb4 Ra1+ 33.
Kd2 a5 34. Bc3 Ra2+ 35. Kc1 a4 36. f4 Bd3 37. Bd4 a3 38. Bd5 Rc2+ 39. Kd1 a2
40. Ke1 Re2+ 41. Kd1 Rf2 42. Ke1 Rf1+ 43. Kd2 Ba6 44. g4 a1=Q 45. Bxa1 Rxa1 46.
Kc3 Bc8 47. h3 Be6 0-1

[Event "Nacional de Máxima"]
[Site "?"]
[Date "2011.10.26"]
[Round "8"]
[White "Osorio, Intiñusta"]
[Black "Durán, Luisa"]
[Result "0-1"]
[WhiteElo "1861"]
[BlackElo "2025"]
[Annotator "OT y DG"]
[PlyCount "108"]
[EventDate "2011.??.??"]

1. e4 c5 2. Nf3 d6 3. d4 cxd4 4. Nxd4 Nf6 5. Nc3 g6 6. Bc4 Bg7 7. Be3 O-O 8. f3
Nc6 9. Qd2 Bd7 10. Bb3 Rc8 11. O-O-O Na5 12. Bh6 Nc4 13. Bxc4 Rxc4 14. Bxg7
Kxg7 15. h4 h5 16. g4 Rh8 17. g5 Nh7 18. Qd3 Rc8 19. f4 Bg4 20. Rdf1 Re8 21. f5
Nf8 22. fxg6 Nxg6 23. Nf5+ Kh7 24. Qd4 Ne5 25. Nh6 Rc4 26. Qxa7 Be6 27. Qxb7
Qa5 28. Qb5 Qxb5 29. Nxb5 Rb8 30. Nc3 Rcb4 31. b3 Rc8 32. Nd5 Rxe4 33. Nxe7 Ra8
34. a4 Ra7 35. Nef5 Rc7 36. Nxd6 Re2 37. c4 Re3 38. Kc2 Re2+ 39. Kc3 Re3+ 40.
Kd4 Re2 41. Ne4 Nc6+ 42. Kd3 Rb2 43. Kc3 Re2 44. Re1 Rg2 45. b4 Ne7 46. Nc5
Rg3+ 47. Kd4 Nc6+ 48. Ke4 Bxc4 49. b5 Nb4 50. Kd4 Bb3 51. Rc1 Rf3 52. Nxb3 Rd3+
53. Ke4 Re7+ 54. Kf4 Nd5+ 0-1

[Event "Nacional de Máxima"]
[Site "?"]
[Date "2011.10.26"]
[Round "8"]
[White "Montilla, Jorcerys"]
[Black "Hernández, Zaida"]
[Result "1-0"]
[WhiteElo "2008"]
[BlackElo "2008"]
[Annotator "OT y DG"]
[PlyCount "101"]
[EventDate "2011.??.??"]

1. d4 d5 2. c4 c6 3. Nc3 Nf6 4. Nf3 g6 5. Bg5 Ne4 6. Bf4 Bg7 7. e3 O-O $1 8.
Bd3 Nf6 9. O-O $1 a6 10. a4 a5 11. Rc1 Na6 12. cxd5 Nxd5 13. Be5 Nab4 14. Bxg7
Kxg7 15. Bc4 Bg4 16. Bb3 Nc7 17. h3 Bxf3 18. Qxf3 Qd7 19. Rfd1 Qf5 20. Qg3 Ne6
21. e4 Qf4 22. Qxf4 Nxf4 23. Bc4 Rfd8 24. Kh2 g5 25. g3 Ng6 26. Na2 Nxa2 27.
Bxa2 e6 28. d5 exd5 29. exd5 cxd5 30. Bxd5 Rd7 31. Bf3 Rad8 32. Rxd7 Rxd7 33.
Rc5 Rd2 34. Bxb7 Rxf2+ 35. Bg2 Rxb2 36. Rxg5 Kf6 37. Rxa5 Ne5 38. g4 Nd3 39.
Kg3 Rb3 40. Rf5+ Kg6 41. Rf3 Nc5 42. Rxb3 Nxb3 43. Be4+ Kg7 44. Kf4 Nc5 45. a5
f6 46. Ke3 h5 47. Bd3 hxg4 48. hxg4 Kh6 49. a6 Nxa6 50. Bxa6 Kg5 51. Bc8 1-0

[Event "Nacional de Máxima"]
[Site "?"]
[Date "2011.10.26"]
[Round "8"]
[White "Varela, Tilsia"]
[Black "Castellanos, Arianny"]
[Result "1-0"]
[WhiteElo "1993"]
[BlackElo "1802"]
[Annotator "OT y DG"]
[PlyCount "69"]
[EventDate "2011.??.??"]

1. e4 e5 2. Nf3 Nc6 3. Bb5 f5 4. Nc3 fxe4 5. Nxe4 Nf6 6. Qe2 d5 7. Nxf6+ gxf6
8. d4 Bg7 9. dxe5 O-O 10. e6 Qd6 11. O-O Ne5 12. Nd4 c6 13. Nf5 Qxe6 14. Nxg7
Kxg7 15. Bd3 Nxd3 16. Qxd3 Bd7 17. Bd2 b6 18. Rfe1 Qf7 19. Re3 Kh8 20. Rae1
Rae8 21. Qa3 Be6 22. Qd6 Bg4 23. Rxe8 Rxe8 24. Rxe8+ Qxe8 25. Qxf6+ Kg8 26. h3
Bh5 27. g4 Bg6 28. Bc3 Qf8 29. Qxc6 Qf3 30. Qa8+ Kf7 31. Qxa7+ Ke8 32. Qb8+ Kd7
33. Qb7+ Ke8 34. Qc8+ Ke7 35. Bb4+ 1-0

[Event "Nacional de Máxima"]
[Site "?"]
[Date "2011.10.26"]
[Round "8"]
[White "Díaz, José"]
[Black "Piñero, Carlos"]
[Result "1/2-1/2"]
[WhiteElo "2109"]
[BlackElo "2091"]
[Annotator "OT y DG"]
[PlyCount "103"]
[EventDate "2011.??.??"]

1. d4 Nf6 2. Nf3 e6 3. Bf4 c5 4. e3 Nc6 5. c3 d5 6. Bd3 Bd6 7. Bg3 cxd4 8. exd4
Ne4 9. O-O O-O 10. Bxe4 dxe4 11. Ne5 f5 12. Nxc6 bxc6 13. Bxd6 Qxd6 14. f3 e3
15. f4 Ba6 16. Rf3 e2 17. Qd2 c5 18. Na3 cxd4 19. c4 e5 20. fxe5 Qxe5 21. Re1
Rfe8 22. Rf2 Bb7 23. Rfxe2 Be4 24. Nb5 Rad8 25. Rf2 a6 26. Na3 d3 27. Nb1 Qc5
28. b3 Rd6 29. Nc3 Qd4 30. Nd5 Re5 31. Qe3 Qxe3 32. Rxe3 Rdxd5 33. cxd5 Rxd5
34. Rd2 Kf7 35. Re1 Rc5 36. Kf2 Kf6 37. b4 Rb5 38. Rb2 Ke5 39. a4 Rb7 40. Ke3
f4+ 41. Kd2 Kd4 42. b5 a5 43. g3 f3 44. b6 f2 45. Rf1 Rf7 46. Rb3 Bg2 47. Rxd3+
Kc5 48. b7 Bxf1 49. Rc3+ Bc4 50. b8=Q f1=Q 51. Qb5+ Kd4 52. Qb6+ 1/2-1/2

[Event "Nacional de Máxima"]
[Site "?"]
[Date "2011.10.26"]
[Round "8"]
[White "Martínez, Pedro"]
[Black "Ynojosa, Félix"]
[Result "0-1"]
[WhiteElo "2236"]
[BlackElo "2294"]
[Annotator "OT y DG "]
[PlyCount "92"]
[EventDate "2011.??.??"]

1. Nf3 Nf6 2. c4 e6 3. g3 b6 4. Bg2 Bb7 5. O-O c5 6. Nc3 Be7 7. d4 cxd4 8. Qxd4
O-O 9. b3 a6 10. Rd1 d6 11. Ba3 Ne8 12. Ne4 Nc6 13. Qd3 Qc7 14. Neg5 g6 15. h4
h6 16. Nh3 e5 17. Qe3 Kg7 18. Bc1 Rh8 19. h5 g5 20. g4 Nf6 21. Nh2 Rad8 22. Bb2
Bc8 23. Qg3 Be6 24. e3 Kf8 25. f4 gxf4 26. exf4 Rg8 27. fxe5 Nxe5 28. Bxe5 dxe5
29. Rxd8+ Bxd8 30. Qe3 Qc5 31. Qxc5+ bxc5 32. Nf2 Ba5 33. Kf1 Bc3 34. Rd1 Bd4
35. Bf3 Ke7 36. Ke2 Bd7 37. Bb7 a5 38. Rd3 Nxg4 39. Nhxg4 Bxg4+ 40. Nxg4 Rxg4
41. Rf3 Rg5 42. Bd5 f5 43. Rh3 e4 44. Rh2 Kd6 45. Kf1 Rg1+ 46. Ke2 Ke5 0-1

[Event "Nacional de Máxima"]
[Site "?"]
[Date "2011.10.26"]
[Round "8"]
[White "Gascón, José"]
[Black "Boada, Wiston"]
[Result "1/2-1/2"]
[WhiteElo "2163"]
[BlackElo "2235"]
[Annotator "OT y DG"]
[PlyCount "104"]
[EventDate "2011.??.??"]

1. e4 c5 2. Nf3 a6 3. c3 e6 4. d4 b6 5. Bg5 Qc7 6. Nbd2 Bb7 7. Bd3 d6 8. O-O
Nd7 9. Qe2 e5 10. Nh4 Be7 11. f4 exf4 12. Qg4 Bxg5 13. Qxg5 g6 14. Qxf4 Ndf6
15. e5 dxe5 16. dxe5 Nd5 17. Qg3 O-O-O 18. Ne4 f5 19. Nd6+ Kb8 20. Nf3 Ngf6 21.
Ng5 Nh5 22. Qe1 Qe7 23. Ngf7 Nhf4 24. Rxf4 Nxf4 25. Bf1 Rhe8 26. Nxd8 Rxd8 27.
g3 Ne6 28. Rd1 Ng5 29. Nxb7 Kxb7 30. Bg2+ Kc7 31. Rxd8 Kxd8 32. Qd2+ Ke8 33.
Qd5 Kf8 34. h4 Nf7 35. e6 Nd8 36. Bf1 Nxe6 37. Qa8+ Kg7 38. Qxa6 Qc7 39. Qd3
Qe5 40. Bg2 f4 41. Qe4 Qf6 42. g4 g5 43. Qb7+ Qf7 44. Qxb6 f3 45. Bxf3 Qxf3 46.
Qxe6 Qg3+ 47. Kf1 gxh4 48. Qe7+ Kg6 49. Qe6+ Kg7 50. Qe7+ Kg6 51. Qxc5 Qf3+ 52.
Qf2 Qh1+ 1/2-1/2

[Event "Nacional de Máxima"]
[Site "?"]
[Date "2011.10.26"]
[Round "8"]
[White "Soto, Oliver"]
[Black "Zavarce, Oscar"]
[Result "1-0"]
[WhiteElo "2357"]
[BlackElo "2214"]
[Annotator "OT y DG "]
[PlyCount "45"]
[EventDate "2011.??.??"]

1. e4 c5 2. Nf3 e6 3. d4 cxd4 4. Nxd4 a6 5. Be2 Qc7 6. O-O Nc6 7. Nc3 b5 8. Re1
Bb7 9. Bg5 b4 10. Nb1 Bd6 11. h3 Bh2+ 12. Kh1 Bf4 13. Bxf4 Qxf4 14. Nxc6 Bxc6
15. Qd4 Nf6 16. f3 Nh5 17. Nd2 e5 18. Qc5 Rc8 19. Nc4 Rc7 20. Nd6+ Kd8 21. Qb6
Ke7 22. Nf5+ Kd8 23. Bxa6 1-0

[Event "Nacional de Máxima"]
[Site "?"]
[Date "2011.10.26"]
[Round "8"]
[White "Brizuela, Reivis"]
[Black "Prasca, Rafael"]
[Result "0-1"]
[WhiteElo "2125"]
[BlackElo "2429"]
[Annotator "OT y DG"]
[PlyCount "80"]
[EventDate "2011.??.??"]

1. d4 d5 2. c4 c6 3. Nf3 Nf6 4. Nc3 g6 5. g3 Bg7 6. Bg2 O-O 7. O-O a6 8. Ne5
dxc4 9. Nxc4 Be6 10. Ne5 Nbd7 11. Nxd7 Nxd7 12. d5 cxd5 13. Bxd5 Bxd5 14. Qxd5
b5 15. Rd1 Nf6 16. Qb7 Qc8 17. Qxc8 Raxc8 18. Bg5 h6 19. Bxf6 Bxf6 20. Nd5 Rc2
21. Nxf6+ exf6 22. Rd6 Rxb2 23. Rxa6 f5 24. Ra7 Re8 25. Rd1 Rexe2 26. Rd8+ Kg7
27. Rdd7 Kf6 28. h4 Rxf2 29. Rxf7+ Ke5 30. Rfe7+ Kd5 31. Rad7+ Kc4 32. Re3 Rg2+
33. Kh1 Rh2+ 34. Kg1 Rbg2+ 35. Kf1 Rxa2 36. Kg1 Rag2+ 37. Kf1 Rc2 38. Kg1 Rhd2
39. Rxd2 Rxd2 40. h5 gxh5 0-1

[Event "Nacional de Máxima"]
[Site "?"]
[Date "2011.10.27"]
[Round "9"]
[White "Castellanos, Arianny"]
[Black "Gutiérrez, Leonela"]
[Result "0-1"]
[WhiteElo "1802"]
[BlackElo "2045"]
[Annotator "OT y DG"]
[PlyCount "104"]
[EventDate "2011.??.??"]

1. e4 c5 2. c3 d6 3. d4 Nd7 4. Nf3 e6 5. Bd3 Ngf6 6. h3 Be7 7. Be3 b6 8. Nbd2
cxd4 9. cxd4 Bb7 10. O-O O-O 11. Qe2 Re8 12. Bg5 Rc8 13. Rfc1 Rc7 14. Nc4 d5
15. Ncd2 Rxc1+ 16. Rxc1 dxe4 17. Nxe4 h6 18. Bf4 Nd5 19. Bd6 N7f6 20. Bxe7 Qxe7
21. Ne5 Nf4 22. Qe3 N6d5 23. Qd2 Nxd3 24. Qxd3 f5 25. Ng3 Nf4 26. Qc3 Nxg2 27.
Qc7 Nf4 28. Qxe7 Rxe7 29. Kh2 Nd5 30. a3 Rc7 31. Rxc7 Nxc7 32. Ne2 g5 33. Kg3
f4+ 34. Kh2 Nb5 35. f3 Nd6 36. h4 Nf5 37. hxg5 hxg5 38. Kg2 Ba6 39. Nc3 Bb7 40.
Nb5 a6 41. Nc7 Nxd4 42. Kf2 Kf8 43. Nd7+ Ke7 44. Nxb6 Nxf3 45. Nxa6 g4 46. Nc5
g3+ 47. Kg2 Nh4+ 48. Kg1 f3 49. Nxb7 f2+ 50. Kf1 Nf3 51. Nc8+ Kf6 52. Ncd6 Nh2+
0-1

[Event "Nacional de Máxima"]
[Site "?"]
[Date "2011.10.27"]
[Round "9"]
[White "Hernández, Zaida"]
[Black "Varela, Tilsia"]
[Result "1/2-1/2"]
[WhiteElo "2008"]
[BlackElo "1993"]
[Annotator "OT y DG"]
[PlyCount "94"]
[EventDate "2011.??.??"]

1. e4 e5 2. Nf3 Nc6 3. Nc3 Nf6 4. Bb5 Bb4 5. O-O O-O 6. d3 d6 7. Bxc6 bxc6 8.
Ne2 h6 9. Ng3 Nh7 10. Be3 c5 11. h3 Ng5 12. Nxg5 hxg5 13. Qh5 f6 14. h4 g4 15.
Nf5 Bxf5 16. exf5 Rf7 17. Qxg4 Kf8 18. f4 Qe8 19. c3 Ba5 20. Rae1 Bb6 21. fxe5
dxe5 22. d4 cxd4 23. cxd4 Re7 24. dxe5 Rxe5 25. Bxb6 axb6 26. Rxe5 Qxe5 27.
Qb4+ c5 28. Qd2 Re8 29. b3 Qe3+ 30. Qxe3 Rxe3 31. Kf2 Re4 32. g3 Rd4 33. Re1 b5
34. Ke3 Rd5 35. Kf4 c4 36. bxc4 bxc4 37. Rc1 Rd4+ 38. Kf3 Rd3+ 39. Ke4 Ra3 40.
Rc2 Rxg3 41. Rxc4 Ra3 42. Rc8+ Kf7 43. Rc7+ Kf8 44. Rc8+ Kf7 45. Rc7+ Kg8 46.
Rc2 Ra4+ 47. Kd5 Rxh4 1/2-1/2

[Event "Nacional de Máxima"]
[Site "?"]
[Date "2011.10.27"]
[Round "9"]
[White "Durán, Luisa"]
[Black "Montilla, Jorcerys"]
[Result "1-0"]
[WhiteElo "2025"]
[BlackElo "2008"]
[Annotator "OT y DG"]
[PlyCount "63"]
[EventDate "2011.??.??"]

1. d4 d5 2. c4 c6 3. Nc3 Nf6 4. Nf3 e6 5. e3 Nbd7 6. Qc2 Bd6 7. Bd3 O-O 8. O-O
Qe7 9. e4 dxc4 10. Bxc4 e5 11. Be3 b5 12. dxe5 Nxe5 13. Nxe5 Bxe5 14. Be2 Bb7
15. f3 Qc7 16. f4 Bxc3 17. bxc3 c5 18. Bf3 Rfe8 19. e5 Nd5 20. Bd2 Nb6 21. Rad1
Rad8 22. Bxb7 Qxb7 23. Be3 Qc6 24. Qf2 Na4 25. Qc2 g6 26. Rxd8 Rxd8 27. f5 Qd5
28. e6 Qd3 29. Qxd3 Rxd3 30. Bg5 f6 31. e7 Kf7 32. fxg6+ 1-0

[Event "Nacional de Máxima"]
[Site "?"]
[Date "2011.10.27"]
[Round "9"]
[White "Aponte, Oriana"]
[Black "Osorio, Intiñusta"]
[Result "1/2-1/2"]
[WhiteElo "1885"]
[BlackElo "1861"]
[Annotator "OT y DG"]
[PlyCount "86"]
[EventDate "2011.??.??"]

1. e4 c5 2. Nf3 e6 3. d4 cxd4 4. Nxd4 a6 5. Nc3 Qc7 6. Bd3 Nf6 7. O-O Bc5 8.
Nb3 Be7 9. a4 d6 10. a5 Nbd7 11. f4 b5 12. axb6 Qxb6+ 13. Kh1 Bb7 14. Qf3 O-O
15. Be3 Qc7 16. Qh3 g6 17. Na5 Nc5 18. Bxc5 dxc5 19. Nxb7 Qxb7 20. e5 Nd5 21.
Nxd5 Qxd5 22. Rfe1 Qd4 23. Be4 Ra7 24. Qd3 Qxd3 25. Bxd3 Rb8 26. b3 a5 27. Kg1
Rb4 28. g3 Rd4 29. Bb5 Kf8 30. Red1 h6 31. Kf2 g5 32. Ke3 gxf4+ 33. gxf4 Rxd1
34. Rxd1 Rb7 35. Ba4 f6 36. exf6 Bxf6 37. Rd6 Ke7 38. Ra6 Bd4+ 39. Kf3 Bc3 40.
Rc6 Bd4 41. Ra6 Bc3 42. Rc6 Bd4 43. Ra6 Bc3 1/2-1/2

[Event "Nacional de Máxima"]
[Site "?"]
[Date "2011.10.27"]
[Round "9"]
[White "Sequeda, Nancy"]
[Black "Ubaldo, María"]
[Result "1/2-1/2"]
[WhiteElo "2067"]
[BlackElo "2072"]
[Annotator "OT y DG"]
[PlyCount "96"]
[EventDate "2011.??.??"]

1. e4 c5 2. Nf3 Nc6 3. d4 cxd4 4. Nxd4 Nf6 5. Nc3 g6 6. Be2 Bg7 7. Nb3 O-O 8.
O-O a6 9. Re1 d6 10. Bf1 Be6 11. Bg5 Rc8 12. Nd5 Bxd5 13. exd5 Ne5 14. Qd2 Re8
15. c3 Nc4 16. Bxc4 Rxc4 17. Rad1 Qc8 18. f3 a5 19. Qe2 Ra4 20. a3 Rc4 21. Nd2
Rc7 22. Bxf6 Bxf6 23. Ne4 Kf8 24. Nxf6 exf6 25. Qd2 Rce7 26. Rxe7 Rxe7 27. Qd4
Qe8 28. Rd2 Kg7 29. Kf2 a4 30. Qb6 Re1 31. Qd4 Re5 32. Qb6 Re1 33. Qd4 h5 34.
h4 Qe7 35. c4 Re5 36. Rc2 Kh7 37. c5 dxc5 38. Rxc5 Re2+ 39. Kg3 Qd6+ 40. f4 Re7
41. Rb5 Rd7 42. Qxa4 Qe7 43. Qd4 Qe1+ 44. Qf2 Qd1 45. Qf3 Qe1+ 46. Qf2 Qd1 47.
Qf3 Qe1+ 48. Qf2 Qd1 1/2-1/2

[Event "Nacional de Máxima"]
[Site "?"]
[Date "2011.10.27"]
[Round "9"]
[White "Rovira, Tairú"]
[Black "Otazo, Annyd"]
[Result "1/2-1/2"]
[WhiteElo "1972"]
[BlackElo "1953"]
[Annotator "OT y DG"]
[PlyCount "135"]
[EventDate "2011.??.??"]

1. d4 Nf6 2. c4 e6 3. g3 d5 4. Bg2 Be7 5. Nf3 O-O 6. Nbd2 c5 7. cxd5 exd5 8.
dxc5 Bxc5 9. O-O Nc6 10. Nb3 Bb6 11. Bg5 Be6 12. Rc1 h6 13. Bf4 Qe7 14. Ne5
Nxe5 15. Bxe5 Bg4 16. Bxf6 Qxf6 17. Rc2 Rad8 18. Rd2 Rfe8 19. Nc1 Re7 20. Nd3
d4 21. Nf4 Red7 22. b4 Qe7 23. Qb3 g5 24. Nd3 Be6 25. Qb2 Bd5 26. Bxd5 Rxd5 27.
Rc2 h5 28. Rfc1 h4 29. Rc8 Kg7 30. Qd2 h3 31. Rxd8 Qxd8 32. Qc2 Qe7 33. Qd2 Qe4
34. f3 Qe3+ 35. Qxe3 dxe3 36. Kf1 f5 37. Rc8 Bd8 38. Rc5 Rxc5 39. Nxc5 Be7 40.
Nd3 Kf6 41. f4 Bd6 42. a3 gxf4 43. Nxf4 Bxf4 44. gxf4 Ke6 45. Ke1 Kd5 46. Kd1
Kc4 47. Kc2 a6 48. Kb2 b6 49. Kc2 a5 50. bxa5 bxa5 51. Kb2 a4 52. Kc2 Kd4 53.
Kb2 Ke4 54. Kc3 Kxf4 55. Kd3 Ke5 56. Kxe3 f4+ 57. Kf3 Kf5 58. e3 fxe3 59. Kxe3
Ke5 60. Kd3 Kf4 61. Kd2 Kf3 62. Kd3 Kf2 63. Kd2 Kf3 64. Kd3 Kg2 65. Ke2 Kg1 66.
Kf3 Kxh2 67. Kf2 Kh1 68. Kf1 1/2-1/2

[Event "Nacional de Máxima"]
[Site "?"]
[Date "2011.10.27"]
[Round "9"]
[White "Castro, Luis"]
[Black "Díaz, José"]
[Result "0-1"]
[WhiteElo "2129"]
[BlackElo "2109"]
[Annotator "OT y DG"]
[PlyCount "64"]
[EventDate "2011.??.??"]

1. e4 d5 2. exd5 Qxd5 3. Nc3 Qd6 4. g3 c6 5. Bg2 e5 6. Nf3 Bg4 7. h3 Bh5 8. O-O
Nd7 9. Qe2 O-O-O 10. d3 f5 11. Re1 h6 12. b4 g5 13. b5 c5 14. a4 Ngf6 15. a5
Re8 16. a6 b6 17. Rd1 Qc7 18. Qf1 e4 19. dxe4 fxe4 20. Nd2 e3 21. Nf3 exf2+ 22.
Qxf2 Bd6 23. Kh2 Ne5 24. Nxe5 Bxe5 25. Rd3 Rhf8 26. Qg1 Bg6 27. Bd2 Bxd3 28.
Bb7+ Kb8 29. cxd3 Bd4 30. Qg2 Ng4+ 31. hxg4 Rf2 32. Ne4 Rxg2+ 0-1

[Event "Nacional de Máxima"]
[Site "?"]
[Date "2011.10.27"]
[Round "9"]
[White "Zavarce, Oscar"]
[Black "Brizuela, Reivis"]
[Result "1-0"]
[WhiteElo "2214"]
[BlackElo "2125"]
[Annotator "OT y DG"]
[PlyCount "87"]
[EventDate "2011.??.??"]

1. e4 e6 2. d4 d5 3. Nc3 Nf6 4. Bg5 Bb4 5. e5 h6 6. Be3 Ne4 7. Qg4 g6 8. Nge2
c5 9. O-O-O Bxc3 10. Nxc3 Nxc3 11. bxc3 c4 12. h4 h5 13. Qf3 Nd7 14. g4 Qa5 15.
Kd2 b5 16. gxh5 Rxh5 17. Bg5 b4 18. Be2 Qxa2 19. cxb4 Qb2 20. Qc3 Qxc3+ 21.
Kxc3 Rh7 22. Ra1 Bb7 23. Rhd1 a6 24. b5 a5 25. Ra2 Nb6 26. Rda1 a4 27. Bf6 Kd7
28. Kb4 Kc7 29. c3 Re8 30. f4 Nd7 31. Bg5 Nb6 32. Bd1 Reh8 33. Rh2 Ra8 34. Rha2
Rah8 35. Bf6 Rxh4 36. Bxh8 Rxh8 37. Bxa4 Rh4 38. Rf2 Rh3 39. Bc2 Nc8 40. Rg1
Kb6 41. Bxg6 fxg6 42. Rxg6 Rh1 43. Rxe6+ Kc7 44. Kc5 1-0

[Event "Nacional de Máxima"]
[Site "?"]
[Date "2011.10.27"]
[Round "9"]
[White "Boada, Wiston"]
[Black "Soto, Oliver"]
[Result "1/2-1/2"]
[WhiteElo "2235"]
[BlackElo "2357"]
[Annotator "OT y DG"]
[PlyCount "139"]
[EventDate "2011.??.??"]

1. d4 Nf6 2. c4 e6 3. Nf3 b6 4. g3 Ba6 5. b3 b5 6. cxb5 Bxb5 7. Bg2 Bb4+ 8. Bd2
a5 9. O-O O-O 10. a3 Bxd2 11. Qxd2 d5 12. Ne5 Nfd7 13. Nxd7 Nxd7 14. Rc1 Qb8
15. Nc3 Ba6 16. Rab1 c6 17. Na4 Bb5 18. e4 Rd8 19. Nc3 Ba6 20. Rb2 Qd6 21. Nb1
Rdb8 22. h3 Bb5 23. e5 Qc7 24. Nc3 Ba6 25. f4 Rb7 26. f5 Qb8 27. fxe6 fxe6 28.
Qe3 Qe8 29. Kh2 Rab8 30. Nd1 a4 31. b4 Nb6 32. Rf2 Nc4 33. Qf3 Rf7 34. Qxf7+
Qxf7 35. Rxf7 Kxf7 36. Bf1 Ra8 37. Bxc4 Bxc4 38. Nc3 Ke7 39. Kg2 Kd7 40. Ne4 h6
41. Nd6 Bb5 42. Rc5 Rb8 43. Kf3 g6 44. h4 Rf8+ 45. Ke3 Rf1 46. Nxb5 cxb5 47.
Rxb5 Ra1 48. Rb7+ Kc6 49. Re7 Rxa3+ 50. Kf2 Ra2+ 51. Kf3 a3 52. Rxe6+ Kb5 53.
Re8 Ra1 54. Ra8 a2 55. Kg2 Kxb4 56. e6 Re1 57. Rxa2 Rxe6 58. Rc2 g5 59. Kh3
gxh4 60. g4 Re4 61. Rc6 Rxd4 62. Rxh6 Re4 63. g5 Re3+ 64. Kxh4 d4 65. Rd6 Kc3
66. g6 d3 67. g7 Re8 68. Kh5 d2 69. Rxd2 Kxd2 70. Kg6 1/2-1/2

[Event "Nacional de Máxima"]
[Site "?"]
[Date "2011.10.27"]
[Round "9"]
[White "Ynojosa, Félix"]
[Black "Gascón, José"]
[Result "1/2-1/2"]
[WhiteElo "2294"]
[BlackElo "2163"]
[Annotator "OT y DG"]
[PlyCount "64"]
[EventDate "2011.??.??"]

1. e4 c5 2. c3 Nf6 3. e5 Nd5 4. d4 cxd4 5. cxd4 d6 6. Nf3 Nc6 7. Bc4 Nb6 8. Bb3
dxe5 9. Nxe5 Nxe5 10. dxe5 Qxd1+ 11. Bxd1 g6 12. f4 Bg7 13. Nc3 Bd7 14. Bb3 O-O
15. Be3 Bc6 16. O-O Rfd8 17. Rad1 e6 18. g4 Rxd1 19. Nxd1 Nd5 20. Bxd5 Bxd5 21.
Nc3 Bc6 22. g5 Bf8 23. Rd1 Bb4 24. Ne2 b6 25. a3 Be7 26. Rc1 Rc8 27. Kf2 Bb7
28. Rxc8+ Bxc8 29. Ke1 Kf8 30. Kd2 Ke8 31. Kc3 Kd7 32. b4 Kc6 1/2-1/2